LEADER 01007nam a2200265 a 4500 001 000000138210 003 CaOOAMICUS 005 20140429094323.0 008 140428s1976 it u000 u ita r 040 $aPUL$bita 100 1 $aDottori, Carlo de'.$0(OLS)http://pul/name/89111 245 10$aAristodemo /$cCarlo de' Dottori ; a cura di Luigi Fassò. 260 $aTorino :$bEinaudi,$c©1976. 300 $aVIII, 103 p. ;$c20 cm 490 1 $aClassici Ricciardi ;$v26 500 $aRipr. dell'ed.: Milano ; Napoli : R. Ricciardi, 1956. V. 39, p. 749-851. 504 $aNote bibliografiche. 700 1 $aFassò, Luigi,$dn. 1882.$0(OLS)http://pul/name/5924 830 0$aClassici Ricciardi ;$v26.$0(OLS)http://pul/title/76501 850 $aPUL 852 $aPUL$W1$xDP1 Fondo E. Rossi$y115$m7 E 14$j42906$qFondi$B158903$CPULBib$Z2$F158903 $82 941 1 $a1 996 $6245$aAristodemo$9(OLS)http://pul/title/174977 996 $6260$aTorino :$bEinaudi$9(OLS)http://pul/publisher/48130 LEADER 02093nam a2200397 a 4500 001 000000114232 003 CaOOAMICUS 005 20180705084720.0 008 090114s2007 it h 001 udita r 020 $z978-88-901107-2-6* 032 $aLibriCat 040 $aPUL$bita$dLDB 100 0 $aIohannes PP.$bXXIII,$cs.,$d1881-1963.$0(OLS)http://pul/name/11555 245 10$aPater amabilis :$bagende del pontefice, 1958-1963 /$cAngelo Giuseppe Roncalli-Giovanni XXIII ; edizione critica e annotazione a cura di Mauro Velati. 260 $aBologna :$bIstituto per le scienze religiose,$cc2007. 300 $axxxvii, 569 p. :$bfacs. ;$c25 cm. 490 1 $aEdizione nazionale dei diari di Angelo Giuseppe Roncalli - Giovanni XXIII ;$v007 504 $aInclude bibliografia e indice. 700 1 $aVelati, Mauro,$d1962-$0(OLS)http://pul/name/34784 800 0 $aIohannes PP.$bXXIII,$cs.,$d1881-1963.$tDiari ;$v007.$0(OLS)http://pul/nameTitle/797$0(OLS)http://pul/name/11555$0(OLS)http://pul/title/141208 830 0$aEdizione nazionale dei diari di Angelo Giuseppe Roncalli - Giovanni XXIII ;$v7.$0(OLS)http://pul/title/208980 850 $aPUL 852 $aPUL$W1$xSL Religione 3$y85$m248. 2 RONAN 1.7$j130537$qDDC 21$B129610$CPULBib$Z2$F129610 $H109147 $82 900 $aRoncalli, Angelo Giuseppe,$cs.,$d1881-1963$911555 900 $aGiovanni$bXXIII,$cpapa, s.,$d1881-1963$911555 900 $aRoncalli, Angelo Giuseppe,$cs.,$d1881-1963$911555 900 $aGiovanni$bXXIII,$cpapa, s.,$d1881-1963$911555 910 $aPapi (1958-1963 : Iohannes PP. XXIII)$911555 910 $aPapi (1958-1963 : Iohannes PP. XXIII)$911555 910 $aPapi (1958-1963 : Iohannes PP. XXIII)$911555 910 $aPapi (1958-1963 : Iohannes PP. XXIII)$911555 941 1 $a9 996 $6020$z978-88-901107-2-6*$9(OLS)http://pul/number/139422 996 $6245$aPater amabilis :$bagende del pontefice, 1958-1963$9(OLS)http://pul/title/143563 996 $6260$aBologna :$bIstituto per le scienze religiose$9(OLS)http://pul/publisher/66505